| 000 | 00393nam a2200145 a 4500 | ||
|---|---|---|---|
| 001 | 3149 | ||
| 003 | CDMR | ||
| 005 | 20151016130001.0 | ||
| 008 | 130130s1998||||||||||||||||||||||||||||d | ||
| 040 |
_aCDMR _bcat _cCPC LLEIDA |
||
| 110 | 2 |
_91020 _aUniversitat de Lleida |
|
| 245 | 1 | 0 |
_aPoesía y ciencia en Federico García Lorca _cUdL |
| 260 |
_aLleida _c1998 _bUniversitat de Lleida |
||
| 942 |
_cMON _2ddc |
||
| 999 |
_c3149 _d3149 |
||